| 000 | 00970nam a2200241 a 4500 | ||
|---|---|---|---|
| 999 |
_c12569 _d12569 |
||
| 001 | 12569 | ||
| 003 | BD-JhCC | ||
| 005 | 20220910094158.0 | ||
| 008 | 220910s2021 bg |||| |||| 000 0 ban d | ||
| 020 | _a9789849540809 | ||
| 035 | _a(BD-JhCC)12569 | ||
| 040 |
_aBD-JhCC _dBD-JhCC |
||
| 041 | _aBangla | ||
| 082 |
_a158.2 _bGOL 2021 |
||
| 100 | _aগোলম্যান, ড্যানিয়েল | ||
| 245 |
_aসোশ্যাল ইন্টেলিজেন্স : _bদ্য নিউ সায়েন্স অব হিউম্যান রিলেশনশীপ / _cড্যানিয়েল গোলম্যান; অনিকা নাওয়ার (অনু.) |
||
| 260 |
_aঢাকা : _bশব্দশৈলী, _c২০২১। |
||
| 300 |
_a৪১৫ পৃ. : _c২২ সেমি. |
||
| 650 | _aSocial intelligence | ||
| 650 | _aSocial skills | ||
| 700 | _aনাওয়ার, অনিকা | ||
| 942 |
_2ddc _cBK |
||